000 00686nam a2200253Ia 4500
003 OSt
005 20221005080057.0
006 a|||||r|||| 00| 0
007 ta
008 221004b |||||||| |||| 00| 0 eng d
020 _a9788125041856 (hbk)
024 _a20860
037 _bGift, 06/07/2015,
_cTextual
040 _aCRL
_cCRL
_beng
041 _2eng
_aeng
082 _aX.1, Q1
100 _aReddy Y V
245 0 _aGlobal crisis recession and uneven recovery
260 _aNew Delhi
_bOrient Blackswan India
_c2011
300 _axxv,
_ccm.
650 _aECONOMICS
942 _hX.1, Q1
_cTEXL
_2cc
999 _c985615
_d985615